| 000 | 01578nam1a2200325 i 4500 | ||
|---|---|---|---|
| 001 | RU\NLR\bibl\20088 | ||
| 005 | 20260405235458.0 | ||
| 035 | _a(NLR Aleph) 000019580 | ||
| 090 |
_a88058 _c88058 |
||
| 100 | _a19990405g19989999u y0rusy50 ca | ||
| 101 | 0 | _arus | |
| 102 | _aRU | ||
| 105 | _a||||z ||||| | ||
| 200 | 1 |
_aОсновы таможенного дела _eКурс лекций _e[Для студентов экон. и правовых фак. вузов, готовящих специалистов по менеджменту на трасп.] _fГ.А. Карташов |
|
| 210 |
_aН.Новгород _cИзд-во ВГАВТ _d1998 |
||
| 215 | _d21 | ||
| 300 | _aВ вып. дан. авт.: Карташов Г.А. к.э.н., доц., гос. советник тамож. службы III ранга | ||
| 300 | _aНа обл. авт. не указан | ||
| 463 | 0 | _100119415 | |
| 463 | 0 | _1001204328 | |
| 463 | 0 | _1001225457 | |
| 606 | 0 |
_aТаможенное дело _jРуководства, пособия и т.п. для высшей школы _92100015 _3RU\NLR\auth\661270177 |
|
| 606 | 0 |
_aТаможенное дело _jУчебные издания для высшей школы _92100015 _3RU\NLR\auth\661270177 |
|
| 686 | _aУ43(2)-866я73 | ||
| 700 | 1 |
_4070 _8rus _7ca _aКарташов _bГ. А. _cканд. экон. наук, поэт _f1951- _gГеннадий Алексеевич _3RU\NLR\auth\77109078 _992003 |
|
| 801 | 0 |
_aRU _bNLR _c19990405 _gPSBO |
|
| 801 | 1 |
_aRU _bNLR _c19990405 |
|
| 852 |
_aNLR _j99-3/756 |
||
| 942 | _cBOOK | ||